Précis historique et critique de la législation française sur le commerce des céréales et des mesures d'administration prises dans les temps de cherté / (Record no. 163601)

MARC details
000 -LEADER
campo de control de longitud fija 00793nam a2200169 i 4500
001 - NÚMERO DE CONTROL
campo de control 163601
003 - IDENTIFICADOR DE NÚMERO DE CONTROL
campo de control ES-MaACL
005 - FECHA Y HORA DE LA ÚLTIMA TRANSACCIÓN
campo de control 20230906212756.0
008 - DATOS DE LONGITUD FIJA--INFORMACIÓN GENERAL
campo de control de longitud fija 050715s1859 fr | |||||||| ||fre d
040 ## - FUENTE DE CATALOGACIÓN
Centro catalogador/agencia de origen CAM
Lengua de catalogación spa
Centro/agencia transcriptor CAM
100 1# - ENTRADA PRINCIPAL--NOMBRE DE PERSONA
Nombre de persona Rivière, Hippolyte-Ferréol.
9 (RLIN) 131872
245 10 - MENCIÓN DEL TÍTULO
Título Précis historique et critique de la législation française sur le commerce des céréales et des mesures d'administration prises dans les temps de cherté /
Mención de responsabilidad, etc. par H.-F. Rivière.
260 ## - PUBLICACIÓN, DISTRIBUCIÓN, ETC.
Lugar de publicación, distribución, etc. Paris :
Nombre del editor, distribuidor, etc. Guillaumin & Cie libraires-éditeurs :
-- Maresq libraire-éditeur,
Fecha de publicación, distribución, etc. 1859 (
Lugar de fabricación/manufactura Dijon :
Fabricante Imprimerie J.-E. Rabutot)
300 ## - DESCRIPCIÓN FÍSICA
Extensión 198 p. ;
Dimensiones 23 cm.
650 #4 - PUNTO DE ACCESO ADICIONAL DE MATERIA--TÉRMINO DE MATERIA
Término de materia o nombre geográfico como elemento de entrada Cereales-
Subdivisión general Legislación-
Subdivisión geográfica Francia.
9 (RLIN) 135753
852 ## - LOCALIZACIÓN
Ubicación ES-MaACL
Número de control de estantería T-1285-F-10
Nota libre -- Enc. hol. conservando la cub. original
-- .- Donat. Bosch
Holdings
Estatus retirado Estado de pérdida Estado de daño No para préstamo Colección Biblioteca de origen Biblioteca actual Ubicación en estantería Fecha de adquisición Fuente de adquisición Total de préstamos Signatura topográfica completa Código de barras Visto por última vez Precio de reemplazo Tipo de ítem Koha
        Colección de folletos Biblioteca del Ateneo de Madrid Biblioteca del Ateneo de Madrid Depósito folletos 17/01/2008     T-1285-F-10 1171440 23/02/2023 23/02/2023 Folleto